Gestión y ambiente

Detalles Bibliográficos
Autor Corporativo: Universidad Nacional de Colombia
Formato: Electrónico Revista
Lenguaje:español
Publicado: Colombia : Universidad Nacional de Colombia
Materias:
Acceso en línea:Full text available from Research Library: 01/01/2007 to present

MARC

LEADER 00000nas a2200000 a 4500
001 ssj0000602468
003 WaSeSS
005 20200512172242.0
006 m d
007 cr n
008 130116c19989999ck tr p s 0 0spa c
010 |a  2013233250 
022 |a 2357-5905  |l 0124-177X 
035 |a (WaSeSS)ssj0000602468 
040 |a ERD  |b eng  |c ERD  |d GUA  |d OCLCF  |d OCLCQ  |d CUS  |d OCLCO  |d OCLCQ  |d CUS  |d VT2  |d WaSeSS 
041 0 |b spa  |b eng 
042 |a pcc 
050 1 4 |a GE300 
245 0 0 |a Gestión y ambiente  |h [electronic resource]. 
246 1 |a Revista gestión y ambiente 
260 |a Colombia :  |b Universidad Nacional de Colombia 
310 |a Three times a year 
362 1 |a Print began with No. 1 (nov. 1998). 
506 |a License restrictions may limit access. 
546 |a Articles in Spanish; abstracts in Spanish and in English. 
588 |a Description based on: Vol 10, No. 1 (2007); title from contents screen (publisher's Web site, viewed June 3, 2013). 
588 |a Latest issue consulted: Vol 15, No. 3 (2012) (viewed June 3, 2013). 
650 0 |a Environmental management  |v Periodicals. 
650 7 |a Environmental management.  |2 fast  |0 (OCoLC)fst00913186 
655 0 |a Electronic journals. 
710 2 |a Universidad Nacional de Colombia. 
776 0 8 |i Print version:  |t Gestión y ambiente  |x 0124-177X 
856 4 0 |z Full text available from Research Library: 01/01/2007 to present  |u https://search.proquest.com/publication/2035730